| 000 | 00742nas a2200265 4500 | ||
|---|---|---|---|
| 001 | BR8102806 | ||
| 003 | BR-BrBNA | ||
| 005 | 20231205084731.0 | ||
| 007 | ta | ||
| 008 | 230509b bl.|||p| |||| 00| 00por d | ||
| 040 |
_aBR-BrBNA _bpor _cBiblioteca Nacional de Agricultura |
||
| 041 | _a(Pt) | ||
| 072 | _aN10; L30 | ||
| 100 | 1 | _aBellaver, C. | |
| 100 | 1 | _aZanardi, J.C. | |
| 245 | 1 | _aPerdas de racoes em comedouros de suinos [Sus domesticus] | |
| 650 | _aEngenharia agricola | ||
| 650 | _aNutricao animal | ||
| 650 | _aSUÍNO | ||
| 650 | _aComedouro | ||
| 650 | _aRacao | ||
| 773 | 0 |
_tLavoura (Brazil) _xISSN 0023-9135 _g(May 1981), v. 84 p. 36-37 _wBR8102806 |
|
| 909 |
_a202311 _bLúcia _c55 _dLúcia Elande |
||
| 942 |
_2AGRIS _n0 _cANA |
||
| 999 |
_c106951 _d106951 |
||